00556 2200169 4500001002100000008004100021035002000062245010400082100004100186260003700227300001100264020001800275084001600293082000800309650005100317990001800368INLIS000000000000667 ind  a0010-0724000667 aPengajaran Remedial Teori Dan Penerapannya Dalam PembelajarancProf. Dr. Mukhtar M.Pd, Dra. Rusmina aProf. Dr. Mukhtar M.Pd, Dra. Rusmina aJakartabPT. Nimas multimac2005 a99 hlm a979-9005-88-4 a371.1 MOK p a371 aInstitusi Pendidikan, Sekolah dan Aktifitasnya aP29/CP/24/667